000 00521nam a2200157 4500
008 170331b xxu||||| |||| 00| 0 eng d
022 _a01153544
082 _aDPer 338.05 En86 Apr-Jul 2015 v. 15, n. 158-161
100 _919689
_aPuno, Steph
245 _aIn good taste:
_ba late bloomer puts a fresh spin on familiar/
_cSteph Puno.
260 _aPhilippines:
_bSummit Media,
_cApr-Jul 2015.
300 _av15 n161, page 40;
_c28 cm.
500 _aEntrepreneur.
650 0 _919690
_aFood industry
942 _2ddc
_cPER
999 _c6509
_d6509